Baring Brothers & Co. records, (Record no. 43743)

MARC details
000 -LEADER
fixed length control field 01628cpcaa2200361 a 4500
001 - CONTROL NUMBER
control field mm 82081729
003 - CONTROL NUMBER IDENTIFIER
control field DLC
005 - DATE AND TIME OF LATEST TRANSACTION
control field 20260227111716.0
008 - FIXED-LENGTH DATA ELEMENTS--GENERAL INFORMATION
fixed length control field 820329|||||||||||| eng
010 ## - LIBRARY OF CONGRESS CONTROL NUMBER
LC control number mm 82081729
040 ## - CATALOGING SOURCE
Original cataloging agency DLC
Description conventions dacs
Transcribing agency DLC
Modifying agency DLC
072 #7 - SUBJECT CATEGORY CODE
Subject category code N
Source lcmd
110 2# - MAIN ENTRY--CORPORATE NAME
Corporate name or jurisdiction name as entry element Baring Brothers & Co.
245 00 - TITLE STATEMENT
Title Baring Brothers & Co. records,
Inclusive dates 1803-1833.
300 ## - PHYSICAL DESCRIPTION
Extent 175
Type of unit items.
300 ## - PHYSICAL DESCRIPTION
Extent 1
Type of unit container plus
Extent 1
Type of unit oversize.
300 ## - PHYSICAL DESCRIPTION
Extent 0.5
Type of unit linear feet.
506 0# - RESTRICTIONS ON ACCESS NOTE
Terms governing access Open to research.
520 8# - SUMMARY, ETC.
Summary, etc. Correspondence from Baring Brothers & Co. to the Bank of the United States and the U.S. Department of the Treasury. Also includes letter (22 May 1825) from Baring Brothers & Co. to LeRoy Bayard & Co (LeRoy, Bayard & McEvers), shipping firm of New York, N.Y.
545 1# - BIOGRAPHICAL OR HISTORICAL DATA
Biographical or historical data London merchant bank founded in 1762 and reorganized in 1890 as Baring Brothers & Co. Ltd.
546 ## - LANGUAGE NOTE
Language note Collection material in English.
610 10 - SUBJECT ADDED ENTRY--CORPORATE NAME
Corporate name or jurisdiction name as entry element United States.
Subordinate unit Department of the Treasury
Form subdivision Correspondence.
610 20 - SUBJECT ADDED ENTRY--CORPORATE NAME
Corporate name or jurisdiction name as entry element Bank of the United States (1816-1836)
Form subdivision Correspondence.
610 20 - SUBJECT ADDED ENTRY--CORPORATE NAME
Corporate name or jurisdiction name as entry element LeRoy, Bayard & McEvers (New York, N.Y.)
Form subdivision Correspondence.
650 #0 - SUBJECT ADDED ENTRY--TOPICAL TERM
Topical term or geographic name entry element Banks and banking
Geographic subdivision England
-- London.
650 #0 - SUBJECT ADDED ENTRY--TOPICAL TERM
Topical term or geographic name entry element Banks and banking
Geographic subdivision United States.
650 #0 - SUBJECT ADDED ENTRY--TOPICAL TERM
Topical term or geographic name entry element Finance, Public
Geographic subdivision United States.
650 #0 - SUBJECT ADDED ENTRY--TOPICAL TERM
Topical term or geographic name entry element Shipping
Geographic subdivision New York (State)
-- New York.

No items available.

Powered by Koha